000 00834cam a22002531 4500
001 20724
003 BD-RjUL
005 20211209000612.0
008 140302s1942 nyuacfh b 000 0 eng
035 _a(BD-RjUL)20786
035 _a(OCoLC)1145262
040 _aDLC
_cOAsC
_dOCoLC
_dDLC
_dBD-RjUL
_beng
041 _aeng
082 0 0 _a820.82
_bCOL 1942
245 0 4 _aThe College survey of English literature /
_cEdited by Bartlett Jere Whiting... [at el].
260 _aNew York :
_bHarcourt, Brace and Company,
_c1942.
300 _axix, 1140 p. :
_billus., plates, ports., facsims. ;
_c26 cm.
650 0 _aEnglish literature.
_963995
650 0 _aEnglish literature
_xHistory and criticism.
_963996
700 1 _aWhiting, Bartlett Jere,
_d1904-
_eed.
_963997
942 _2ddc
_cBK
999 _c20724
_d20724